Sistema de Información Oficina de Proyectos : Compañía Numar S.A.

Guardado en:
Bibliografiske detaljer
Hovedforfatter: Castro Ramírez, Marta Eugenia
Format: Bog
Udgivet: [San José , Costa Rica] 1987
Fag:
Tags: Tilføj Tag
Ingen Tags, Vær først til at tagge denne postø!

MARC

LEADER 00000nam a2200000Ia 4500
003 007211
005 20221231144311.0
008 140114s1987 c a m 000 ||s d
040 |c cru CEDI 
090 |a TFG 2954 
100 |a Castro Ramírez, Marta Eugenia  |9 11793 
245 |a Sistema de Información Oficina de Proyectos : Compañía Numar S.A.  
260 |c 1987  |a [San José , Costa Rica] 
300 |a 80 hojas : ilustraciones  
500 |a  Proyecto de graduacion (bachillerato en ingenieria industrial)--Universidad de Costa Rica. Facultad de Ingenieria. Escuela de Ingenieria Industrial 
650 |x COMPAÑIA NUMAR (COSTA RICA).. OFICINA DE PROYECTOS - AUTOMATIZACION  |x SISTEMAS DE INFORMACION EN INDUSTRIA   |x ADMINISTRACION DE PROYECTOS INDUSTRIALES  |9 11794 
942 |c TFG 
999 |c 19798  |d 19798